<?xml version="1.0" encoding="UTF-8"?>
<collection xmlns="http://www.loc.gov/MARC21/slim">
 <record>
  <leader>00470nam a22001455a 4500</leader>
  <controlfield tag="001">EHU.bham017778</controlfield>
  <controlfield tag="008">130507s1784##################000#0#####d</controlfield>
  <controlfield tag="005">20230424100751.0</controlfield>
  <datafield tag="245" ind1="1" ind2="0">
   <subfield code="a">La riada /</subfield>
   <subfield code="c">Cándido M. Trigueros.</subfield>
  </datafield>
  <datafield tag="260" ind1=" " ind2=" ">
   <subfield code="a">Sevilla :</subfield>
   <subfield code="b">Oficina de Vázquez,</subfield>
   <subfield code="c">1784.</subfield>
  </datafield>
  <datafield tag="300" ind1=" " ind2=" ">
   <subfield code="a">115 p.</subfield>
  </datafield>
  <datafield tag="100" ind1="1" ind2=" ">
   <subfield code="a">Trigueros, Cándido M.</subfield>
  </datafield>
  <datafield tag="082" ind1="8" ind2="6">
   <subfield code="a">861.4 T734 M A</subfield>
  </datafield>
  <datafield tag="653" ind1=" " ind2=" ">
   <subfield code="a">Poesía española-1701-1800</subfield>
  </datafield>
  <datafield tag="859" ind1=" " ind2=" ">
   <subfield code="a">AR-BHAM</subfield>
   <subfield code="b">BIB. HUMANIDADES - Arturo Marasso</subfield>
   <subfield code="h">861.4</subfield>
   <subfield code="i">T734</subfield>
   <subfield code="p">1528.57</subfield>
   <subfield code="t">Ej.1</subfield>
   <subfield code="v">M A</subfield>
  </datafield>
 </record>
</collection>
